00555nam a2200181Ia 4500001002500000003000900025008004100034040002300075041001300098100002200111245002700133250001100160260002400171300001700195500001800212501012400230520001900354708.512-SCA er mu (6432)IT-MiSPE171229s9999||||xx |||||||||||||| ||und|| aIT-MiSPEcIT-MiSPE aITALIANO aErnesto Scamuzzi  0aMuseo Egizio di Torino a2a ed. aTorinobPozzoc1964 a... c36 cm aEgizio, Museo aEdizioni San Paolo srl - Piazza Soncino, 5 - 20092 CINISELLO BALSAMO (MI) (non commercial uses only) ® Copyright 2018 aIll., 114 tav.